000 00371nam a2200145 a 4500
005 20140412111223.0
008 100122s19uu xx 00 eng d
020 _a0-439-72622-0
050 _aER
_bHa14 1995
100 _aRoberts, Bethany
245 _aHalloween Mice! /
_cBethany Roberts.
260 _aU.S.A :
_bScholastic,
_c1995.
300 _a32p.
999 _c101985
_d101985